| 000 | 00760nam a2200241Ia 4500 | ||
|---|---|---|---|
| 003 | OSt | ||
| 005 | 20260116095141.0 | ||
| 008 | 210716s2007 xx 000 0 und d | ||
| 020 | _a9788120333666 | ||
| 040 | _cAIMIT LIBRARY | ||
| 041 | _aeng | ||
| 082 |
_a621. 9023 _23 _bSTEJ |
||
| 100 |
_aStenerson, Jon. _9251366 |
||
| 245 |
_aComputer numerical control: _boperation and programming / _cBy Jon Stenerson and Kelly Curran |
||
| 250 | _a3 | ||
| 260 |
_aNew Delhi _bPHI Learning Pvt Ltd _c2007 |
||
| 300 |
_ax,514p.; _bPB _c24.5 cm |
||
| 650 |
_aBasic trigonometry _9251367 |
||
| 650 |
_aFundamentals of matchining centers _9251368 |
||
| 650 |
_aCNC turning machines _9251369 |
||
| 700 |
_aCurran, Kelly. _9251370 |
||
| 942 |
_2ddc _cBK _e3rd _k621.9023 STEJ |
||
| 999 |
_c190320 _d190320 |
||